| 000 | 00917pab a2200133 454500 | ||
|---|---|---|---|
| 008 | 180718b xxu||||| |||| 00| 0 eng d | ||
| 100 | _aPeters, B. Guy | ||
| 245 | _aGovernment reorganization: a theoretical analysis | ||
| 520 | _aReorganization is one of the most common activities of government, but it is not adequately understood, either by practioners or by scholars. This article applies three broad approaches in administrative theory-purposive action, enviromental determinism, and institutionalism - to the study of reform in industralized democracies. Each of these three broad approaches is further divided into a number of more specific approaches. This article evaluates all the available approaches, and ends by arguing in favor of the institional approach. - Reproduced | ||
| 650 | _a Reform | ||
| 650 | _aAdministrative Reorganisation | ||
| 773 | _aInternational Political Science Review | ||
| 909 | _a21960 | ||
| 999 |
_c21960 _d21960 |
||